01476nam a2200277 a 450000100100000000500170001000800410002704000250006808200180009310000450011124500770015626000520023330000210028550000730030659000610037959000270044060000790046765000280054665000310057491000370060595201210064295201210076395201160088495201810100099900170118100001557720240322181140.0100215s1959 dr 000 f spa d aDO-SdBNPbspacBNPHU a868.3bT316zN1 aNolasco, Flérida de,d1891-197693515110aSanta Teresa de Jesús a través de sus obras /cFlérida de Nolasco. aCiudad Trujillo, República Dominicana,c1959. a195 p. ;c20 cm. aIncluye referencias bibliográficas y notas al pie de las páginas aLa biblioteca posee 1 ejemplar autografiado por el autor aInventariado, 2018/MFF14aTERESA,cDE AVILA, SANTOS,d1515-1582xCRÍTICA E INTERPRETACIÓN935152 4aNovela española91123 4aLiteratura española9632 aValidado. Control de calidad MFF 0010718DSaGRbGRcHDd2018-09-10iLF1l0o868.3 T316zNp15577-30r2020-06-25te.3w2020-06-25yLFDSZNo se presta 0010718DSaGRbGRcHDd2018-09-10iLF1l0o868.3 T316zNp15577-40r2020-06-25te.4w2020-06-25yLFDSZNo se presta 0010718PDaPDbPDcHDd2010-02-15iLF1l0o868.3 T316zNp15577-10r2020-06-25w2020-06-25yLFPDZNo se presta 0010718PDaPDbPDcHDd2010-09-07iLF1l0o868.3 T316zNp15577-20r2020-06-25te. 2w2020-06-25yLFPDzPerteneció a la biblioteca personal de Martínez Boog.ZNo se presta c15132d15132